000 01426 a2200253 4500
001 40460
005 20260407155659.0
008 260407a2016 arg spa d
003 AR-UNSa-BCEJYS
040 _aAR-UNSa-BCEJYS
_bspa
_cAR-UNSa-BCEJYS
080 _a657(083)
_xResoluciones Técnicas Contables. Informes
245 1 0 _aResoluciones técnicas vigentes
_pversión 3.7
020 _a978-987-01-1973-9
264 1 _aBuenos Aires :
_bErrepar
_c2016
300 _a460 p.
_c27 cm.
505 _a1. RT (FACPCE) 6/1984. Estados contables en moneda homogénea - 2. RT (FACPCE) 8/1987. Normas generales de exposición contable - 3. RT (FACPCE) 9/1987. Normas particulares de exposición contable para enter comerciales, industriales y de servicios - 4. RT (FACPCE) 11/1993. Normas particulares de exposición contable para entes sin fines de lucro - 5. RT (FACPCE) 14/1997. Información contable de participaciones en negocios conjuntos - 6. RT (FACPCE) 15/1998. Normas sobre la actuación del contador público como síndico societario - 7. RT (FACPCE) 16/2000
041 _aspa
942 _cBK
590 _aniveau_biblio:m niveau_hierar:0
100 1 _aFederación Argentina de Consejos Profesionales de Ciencias Económicas (FACPCE)
700 1 _aParada, Ricardo Antonio
700 1 _aErrecaborde, José Daniel
856 4 1 _uhttps://biblioeco.unsa.edu.ar/pmb/images/libros/L125937.jpg
_yImagen de portada
_qimage/jpeg
999 _c3225
_d3225